<?xml version="1.0" encoding="UTF-8"?>
<marc:record xmlns:marc="http://www.loc.gov/MARC21/slim">
   <marc:leader>00000nam a2200000 a 4500</marc:leader>
   <marc:datafield ind1="1" ind2=" " tag="100">
      <marc:subfield code="a">Böhm, Anna [VerfasserIn]</marc:subfield>
      <marc:subfield code="4">aut</marc:subfield>
      <marc:subfield code="e">Verfasser/-in</marc:subfield>
   </marc:datafield>
   <marc:datafield ind1=" " ind2=" " tag="653">
      <marc:subfield code="a">Einhorn</marc:subfield>
   </marc:datafield>
   <marc:datafield ind1=" " ind2=" " tag="653">
      <marc:subfield code="a">Fabeltag</marc:subfield>
   </marc:datafield>
   <marc:datafield ind1="0" ind2="0" tag="245">
      <marc:subfield code="a">Einhorn kann jeder!</marc:subfield>
   </marc:datafield>
   <marc:datafield ind1=" " ind2="1" tag="264">
      <marc:subfield code="b">Verlag Friedrich Oetinger</marc:subfield>
      <marc:subfield code="c">2018</marc:subfield>
   </marc:datafield>
   <marc:datafield ind1="1" ind2=" " tag="490">
      <marc:subfield code="a">Emmi &amp; Einschwein</marc:subfield>
   </marc:datafield>
   <marc:datafield ind1="1" ind2=" " tag="520">
      <marc:subfield code="a">In Wichtelstadt bekommt jedes Kind zum 10. Geburtstag ein Fabelwesen. Auch Emmis Fabeltag steht vor der Tür, und sie ist sich ganz sicher: Sie wird ein Einhorn bekommen. Ein anmutiges, zartes Einhorn. Aber was kommt durch den Zaubernebel gehopst? Ein Einschwein! Emmi kann sich kein Fabelwesen denken, das unmagischer ist als dieser rosa Klops. Dummerweise weiß schon die halbe Schule, dass Emmi sich ein Einhorn wünscht und da ist so ein Einschwein natürlich das Allerletzte, was sie jetzt gebrauchen kann. Aber da ahnt Emmi ja noch nicht, dass Einschwein einfach einmalig ist!</marc:subfield>
   </marc:datafield>
   <marc:datafield ind1=" " ind2=" " tag="020">
      <marc:subfield code="a">9783789108891</marc:subfield>
      <marc:subfield code="9">9783789108891</marc:subfield>
   </marc:datafield>
</marc:record>
